Health and safety in roof work (Record no. 114718)

MARC details
000 -LEADER
fixed length control field 01893cad a22002295a 4500
001 - CONTROL NUMBER
control field L157313
008 - FIXED-LENGTH DATA ELEMENTS--GENERAL INFORMATION
fixed length control field 121016s2020 xxk 000 0 eng d
020 ## - INTERNATIONAL STANDARD BOOK NUMBER
International Standard Book Number 9780717665273 9 (previous 4th ed, no ISBN for 5th)
035 ## - SYSTEM CONTROL NUMBER
System control number (Sirsi) u157313
041 0# - LANGUAGE CODE
Language code of text/sound track or separate title eng
110 2# - MAIN ENTRY--CORPORATE NAME
Corporate name or jurisdiction name as entry element Great Britain
Subordinate unit Health and Safety Executive
245 00 - TITLE STATEMENT
Title Health and safety in roof work
Medium [electronic resource]
250 ## - EDITION STATEMENT
Edition statement 5th
260 ## - PUBLICATION, DISTRIBUTION, ETC.
Place of publication, distribution, etc. [S.l.]
Name of publisher, distributor, etc. HSE
Date of publication, distribution, etc. 2020
505 ## - FORMATTED CONTENTS NOTE
Formatted contents note Why is this guidance needed? -- The law -- Planning for safety -- Hierarchy for work at height -- Training and competency -- Method statements -- Fragility -- Safe access to the roof -- Safe place of work on the roof -- Weather conditions -- Electricity at work -- Escape in case of fire -- Types of work -- Types of roof -- Protecting the public -- Dealing with health risks -- Training and competence for roof workers -- Construction (Design and Management) Regulations 2015 -- The role of the client -- The role of the designer -- CDM co-ordinators -- Principal contractors -- Contractors and subcontractors
520 ## - SUMMARY, ETC.
Summary, etc. The aim of this book is to help all those involved in construction, specifically roof work activities (including activities often not considered as roof work, such as maintenance and surveying), to identify the main causes of accidents and ill health and to explain how to identify the hazards and prevent or control the risks. The guidance is simple and will have general relevance to everyone in the construction process, but particularly to those directly involved in roof work. It refers to other documents, some relevant to particular groups, depending on the subject they address.
650 ## - SUBJECT ADDED ENTRY--TOPICAL TERM
Topical term or geographic name entry element ROOFS
651 #4 - SUBJECT ADDED ENTRY--GEOGRAPHIC NAME
Geographic name Great Britain
690 ## - LOCAL SUBJECT ADDED ENTRY--TOPICAL TERM (OCLC, RLIN)
Topical term or geographic name as entry element Health and safety
9 (RLIN) 6244
856 40 - ELECTRONIC LOCATION AND ACCESS
Uniform Resource Identifier <a href="https://www.hse.gov.uk/pubns/priced/hsg33.pdf">https://www.hse.gov.uk/pubns/priced/hsg33.pdf</a>
Public note View the report free of charge at www.www.hse.gov.uk
942 ## - ADDED ENTRY ELEMENTS (KOHA)
Suppress in OPAC 0
Source of classification or shelving scheme Dewey Decimal Classification
Holdings
Withdrawn status Lost status Source of classification or shelving scheme Damaged status Not for loan Home library Current library Shelving location Date acquired Total Checkouts Full call number Barcode Date last seen Copy number Price effective from Koha item type
    Dewey Decimal Classification     Virtual Virtual Online 16/10/2012   ONLINE PUBLICATION 157313-2001 06/08/2019 1 06/08/2019 Book